Experimental verification of the spectral shift between near- and far-field peak intensities of plasmonic infrared nanoantennas

Theory predicts a distinct spectral shift between the near- and far-field optical response of plasmonic antennas. Here we combine near-field optical microscopy and far-field spectroscopy of individual infrared-resonant nanoantennas to verify experimentally this spectral shift. Numerical calculations...

Full description

Saved in:
Bibliographic Details
Main Authors: Alonso-González, Pablo (Author) , Albella, P. (Author) , Neubrech, Frank (Author) , Huck, Christian (Author) , Chen, J. (Author) , Golmar, F. (Author) , Casanova, F. (Author) , Hueso, L. E. (Author) , Pucci, Annemarie (Author) , Aizpurua, J. (Author) , Hillenbrand, R. (Author)
Format: Article (Journal)
Language:English
Published: 14 May 2013
In: Physical review letters
Year: 2013, Volume: 110, Issue: 20, Pages: 1-6
ISSN:1079-7114
DOI:10.1103/PhysRevLett.110.203902
Online Access:Verlag, lizenzpflichtig, Volltext: https://doi.org/10.1103/PhysRevLett.110.203902
Verlag, lizenzpflichtig, Volltext: https://link.aps.org/doi/10.1103/PhysRevLett.110.203902
Get full text
Author Notes:P. Alonso-González, P. Albella, F. Neubrech, C. Huck, J. Chen, F. Golmar, F. Casanova, L.E. Hueso, A. Pucci, J. Aizpurua, and R. Hillenbrand

MARC

LEADER 00000caa a2200000 c 4500
001 1757742719
003 DE-627
005 20220819204146.0
007 cr uuu---uuuuu
008 210512s2013 xx |||||o 00| ||eng c
024 7 |a 10.1103/PhysRevLett.110.203902  |2 doi 
035 |a (DE-627)1757742719 
035 |a (DE-599)KXP1757742719 
035 |a (OCoLC)1341409075 
040 |a DE-627  |b ger  |c DE-627  |e rda 
041 |a eng 
084 |a 29  |2 sdnb 
100 1 |a Alonso-González, Pablo  |e VerfasserIn  |0 (DE-588)1233392379  |0 (DE-627)1757743480  |4 aut 
245 1 0 |a Experimental verification of the spectral shift between near- and far-field peak intensities of plasmonic infrared nanoantennas  |c P. Alonso-González, P. Albella, F. Neubrech, C. Huck, J. Chen, F. Golmar, F. Casanova, L.E. Hueso, A. Pucci, J. Aizpurua, and R. Hillenbrand 
264 1 |c 14 May 2013 
300 |a 6 
336 |a Text  |b txt  |2 rdacontent 
337 |a Computermedien  |b c  |2 rdamedia 
338 |a Online-Ressource  |b cr  |2 rdacarrier 
500 |a Gesehen am 12.05.2021 
520 |a Theory predicts a distinct spectral shift between the near- and far-field optical response of plasmonic antennas. Here we combine near-field optical microscopy and far-field spectroscopy of individual infrared-resonant nanoantennas to verify experimentally this spectral shift. Numerical calculations corroborate our experimental results. We furthermore discuss the implications of this effect in surface-enhanced infrared spectroscopy. 
700 1 |a Albella, P.  |e VerfasserIn  |4 aut 
700 1 |a Neubrech, Frank  |e VerfasserIn  |0 (DE-588)136731694  |0 (DE-627)585869065  |0 (DE-576)301245118  |4 aut 
700 1 |a Huck, Christian  |e VerfasserIn  |0 (DE-588)1081576340  |0 (DE-627)846342065  |0 (DE-576)454553374  |4 aut 
700 1 |a Chen, J.  |e VerfasserIn  |4 aut 
700 1 |a Golmar, F.  |e VerfasserIn  |4 aut 
700 1 |a Casanova, F.  |e VerfasserIn  |4 aut 
700 1 |a Hueso, L. E.  |e VerfasserIn  |4 aut 
700 1 |a Pucci, Annemarie  |e VerfasserIn  |0 (DE-588)1020648783  |0 (DE-627)691291969  |0 (DE-576)361698739  |4 aut 
700 1 |a Aizpurua, J.  |e VerfasserIn  |4 aut 
700 1 |a Hillenbrand, R.  |e VerfasserIn  |4 aut 
773 0 8 |i Enthalten in  |t Physical review letters  |d College Park, Md. : APS, 1958  |g 110(2013), 20, Artikel-ID 203902, Seite 1-6  |h Online-Ressource  |w (DE-627)268756899  |w (DE-600)1472655-5  |w (DE-576)077609441  |x 1079-7114  |7 nnas  |a Experimental verification of the spectral shift between near- and far-field peak intensities of plasmonic infrared nanoantennas 
773 1 8 |g volume:110  |g year:2013  |g number:20  |g elocationid:203902  |g pages:1-6  |g extent:6  |a Experimental verification of the spectral shift between near- and far-field peak intensities of plasmonic infrared nanoantennas 
856 4 0 |u https://doi.org/10.1103/PhysRevLett.110.203902  |x Verlag  |x Resolving-System  |z lizenzpflichtig  |3 Volltext 
856 4 0 |u https://link.aps.org/doi/10.1103/PhysRevLett.110.203902  |x Verlag  |z lizenzpflichtig  |3 Volltext 
951 |a AR 
992 |a 20210512 
993 |a Article 
994 |a 2013 
998 |g 1020648783  |a Pucci, Annemarie  |m 1020648783:Pucci, Annemarie  |d 130000  |d 130700  |e 130000PP1020648783  |e 130700PP1020648783  |k 0/130000/  |k 1/130000/130700/  |p 9 
998 |g 1081576340  |a Huck, Christian  |m 1081576340:Huck, Christian  |d 130000  |e 130000PH1081576340  |k 0/130000/  |p 4 
998 |g 136731694  |a Neubrech, Frank  |m 136731694:Neubrech, Frank  |d 130000  |e 130000PN136731694  |k 0/130000/  |p 3 
999 |a KXP-PPN1757742719  |e 392770475X 
BIB |a Y 
SER |a journal 
JSO |a {"language":["eng"],"physDesc":[{"extent":"6 S."}],"id":{"eki":["1757742719"],"doi":["10.1103/PhysRevLett.110.203902"]},"relHost":[{"language":["eng"],"title":[{"title":"Physical review letters","title_sort":"Physical review letters"}],"note":["Gesehen am 23.08.2019"],"name":{"displayForm":["publ. by the American Physical Society"]},"type":{"media":"Online-Ressource","bibl":"periodical"},"pubHistory":["1.1958 -"],"origin":[{"dateIssuedDisp":"1958-","publisherPlace":"College Park, Md.","publisher":"APS","dateIssuedKey":"1958"}],"recId":"268756899","physDesc":[{"extent":"Online-Ressource"}],"id":{"issn":["1079-7114"],"zdb":["1472655-5"],"eki":["268756899"]},"part":{"year":"2013","issue":"20","text":"110(2013), 20, Artikel-ID 203902, Seite 1-6","extent":"6","pages":"1-6","volume":"110"},"disp":"Experimental verification of the spectral shift between near- and far-field peak intensities of plasmonic infrared nanoantennasPhysical review letters","corporate":[{"role":"isb","display":"American Physical Society"}],"titleAlt":[{"title":"Physical review letters online"},{"title":"Physical review L"}]}],"recId":"1757742719","person":[{"family":"Alonso-González","role":"aut","display":"Alonso-González, Pablo","given":"Pablo"},{"role":"aut","given":"P.","display":"Albella, P.","family":"Albella"},{"role":"aut","given":"Frank","display":"Neubrech, Frank","family":"Neubrech"},{"family":"Huck","role":"aut","given":"Christian","display":"Huck, Christian"},{"family":"Chen","role":"aut","display":"Chen, J.","given":"J."},{"family":"Golmar","role":"aut","display":"Golmar, F.","given":"F."},{"given":"F.","display":"Casanova, F.","role":"aut","family":"Casanova"},{"family":"Hueso","display":"Hueso, L. E.","given":"L. E.","role":"aut"},{"family":"Pucci","role":"aut","given":"Annemarie","display":"Pucci, Annemarie"},{"family":"Aizpurua","given":"J.","display":"Aizpurua, J.","role":"aut"},{"family":"Hillenbrand","role":"aut","display":"Hillenbrand, R.","given":"R."}],"name":{"displayForm":["P. Alonso-González, P. Albella, F. Neubrech, C. Huck, J. Chen, F. Golmar, F. Casanova, L.E. Hueso, A. Pucci, J. Aizpurua, and R. Hillenbrand"]},"type":{"media":"Online-Ressource","bibl":"article-journal"},"origin":[{"dateIssuedDisp":"14 May 2013","dateIssuedKey":"2013"}],"title":[{"title_sort":"Experimental verification of the spectral shift between near- and far-field peak intensities of plasmonic infrared nanoantennas","title":"Experimental verification of the spectral shift between near- and far-field peak intensities of plasmonic infrared nanoantennas"}],"note":["Gesehen am 12.05.2021"]} 
SRT |a ALONSOGONZEXPERIMENT1420